Bitcoin a iné kryptopeniaze budúcnosti história, ekonómia a technológia kryptomien

Salvato in:
Dettagli Bibliografici
Autore principale: Stroukal, Dominik
Altri autori: Skalický, Jan
Natura: Libro
Lingua:slovacco
Pubblicazione: Bratislava GRADA 2024
Edizione:1. vydanie
Soggetti:
Tags: Aggiungi Tag
Nessun Tag, puoi essere il primo ad aggiungerne!!

MARC

LEADER 00000nam a2200000 4500
001 0307410
005 20250430080543.4
020 |a 978-80-8090-759-4 
041 0 |a slo 
044 |a SK 
245 1 0 |a Bitcoin a iné kryptopeniaze budúcnosti  |b história, ekonómia a technológia kryptomien  |c Dominik Stroukal, Jan Skalický 
250 |a 1. vydanie 
264 1 |a Bratislava  |b GRADA  |c 2024 
300 |a 285 s. 
610 2 0 |a peniaze elektronické 
610 2 0 |a mena virtuálna 
610 2 0 |a mena digitálna 
610 2 0 |a bankovníctvo elektronické 
610 2 0 |a obchod elektronický 
610 2 0 |a platby elektronické 
100 1 |a Stroukal, Dominik 
700 1 |a Skalický, Jan